Catalog

Record Details

Catalog Search



Stranger things. The bully. #2 / script by Greg ... Read More

Pak, Greg,(author.).
Favoccia, Valeria,(artist.). Jackson, Dan, 1971-(artist.). ... Read More

Available copies

  • 1 of 2 copies available at LARL/NWRL Consortium.

Current holds

0 current holds with 2 total copies.

Show Only Available Copies
Location Call Number / Copy Notes Barcode Shelving Location Status Due Date
Detroit Lakes Public Library Y G PAK (Text) 33500013593025 Main Checked out 07/09/2026
Mahnomen Public Library Y G PAK (Text) 33500013593033 Main Available -

Record details

  • ISBN: 9781098250720
  • ISBN: 1098250729
  • Physical Description: 1 volume (unpaged) : chiefly color illustrations ; ... Read More
  • Publisher: Minneapolis, Minnesota : Spotlight, a Division of ABDO, 2022.

Content descriptions

General Note:
"Published by agreement with Dark Horse Comics" -- title page verso
Summary, etc.:
Troy believes El embarrassing him was some form of ... Read More
Subject: Stranger things (Television program) > Comic books, strips, etc.
Science fiction television programs > Comic books, strips, etc.
Psychokinesis > Comic books, strips, etc.
Bullies > Comic books, strips, etc.
Bullies.
Psychokinesis.
Science fiction television programs.
Genre: Comics (Graphic works)
Graphic novels.
Comics (Graphic works)
Graphic novels.
LDR 02348cam a22005297i 4500
001391093
003LARL_NWRL_CONSORTIUM
00520220506211633.0
008220217s2022 mnua 6 000 1 eng d
010 . ‡a 2021939434
040 . ‡aUUC ‡beng ‡erda ‡cUUC ‡dOCLCO ‡dOCLCF
020 . ‡a9781098250720 ‡q(library binding)
020 . ‡a1098250729 ‡q(library binding)
035 . ‡a(OCoLC)1297839293
092 . ‡aYGN ‡bStranger Things
1001 . ‡aPak, Greg, ‡eauthor. ‡0(LARL_NWRL_CONSORTIUM)219436
24510. ‡aStranger things. ‡pThe bully. ‡p#2 / ‡cscript by Greg Pak ; art by Valeria Favoccia ; colors by Dan Jackson ; lettering by Nate Piekos of Blambot ; cover art by Ron Chan
2463 . ‡aBully. ‡p#2
264 1. ‡aMinneapolis, Minnesota : ‡bSpotlight, a Division of ABDO, ‡c2022.
300 . ‡a1 volume (unpaged) : ‡bchiefly color illustrations ; ‡c27 cm
336 . ‡atext ‡btxt ‡2rdacontent
336 . ‡astill image ‡bsti ‡2rdacontent
337 . ‡aunmediated ‡bn ‡2rdamedia
338 . ‡avolume ‡bnc ‡2rdacarrier
4900 . ‡aStranger things. The bully ; ‡v2
520 . ‡aTroy believes El embarrassing him was some form of trickery, but as he learns about telekinesis and follows El into the woods, he encounters some strange events
500 . ‡a"Published by agreement with Dark Horse Comics" -- title page verso
63000. ‡aStranger things (Television program) ‡vComic books, strips, etc.
650 0. ‡aScience fiction television programs ‡vComic books, strips, etc.
650 0. ‡aPsychokinesis ‡vComic books, strips, etc.
650 0. ‡aBullies ‡vComic books, strips, etc.
650 7. ‡aBullies. ‡2fast ‡0(LARL_NWRL_CONSORTIUM)175906
650 7. ‡aPsychokinesis. ‡2fast ‡0(LARL_NWRL_CONSORTIUM)29012
650 7. ‡aScience fiction television programs. ‡2fast ‡0(LARL_NWRL_CONSORTIUM)30403
655 7. ‡aComics (Graphic works) ‡2fast
655 7. ‡aGraphic novels. ‡2fast
655 7. ‡aComics (Graphic works) ‡2lcgft
655 7. ‡aGraphic novels. ‡2lcgft
7001 . ‡aFavoccia, Valeria, ‡eartist.
7001 . ‡aJackson, Dan, ‡d1971- ‡eartist.
7001 . ‡aPiekos, Nate, ‡eletterer. ‡0(LARL_NWRL_CONSORTIUM)220330
7001 . ‡aChan, Ron, ‡eartist.
901 . ‡a391093 ‡b ‡c391093 ‡tbiblio

Additional Resources